| 000 | 00516nam a2200181Ia 4500 | ||
|---|---|---|---|
| 008 | 210719s2020 xx 000 0 und d | ||
| 020 | _a978-1-484-25318-2 | ||
| 041 | _aeng | ||
| 082 | _a658.406 KLUM | ||
| 100 | _aKLUBECK (Martin) | ||
| 245 | _aMetrics: how to improve key business results | ||
| 260 |
_aNew York _bApress _c2020 |
||
| 300 |
_axvii,351 _bPB |
||
| 365 |
_b1249 _cRs |
||
| 650 | _aManagement | ||
| 650 | _aOrganisational Behaviour | ||
| 906 | _abusiness ; how ; improve ; key ; Metrics: ; results | ||
| 999 |
_c211948 _d211948 |
||